| 000 | 07892nam a22005657a 4500 | ||
|---|---|---|---|
| 005 | 20091212134832.0 | ||
| 008 | 091212t xxu||||| |||| 00| j hin d | ||
| 020 |
_c150.00 _a9788180971174 |
||
| 035 | _aB-378061-089 | ||
| 037 | _bउमेश प्रकाशन(वितरक) | ||
| 040 |
_aDPL _bHN |
||
| 082 | _a530 | ||
| 100 |
_aपाण्डेय, ललित किशोर _919136 |
||
| 245 |
_aभौतिक विज्ञान का रोचक संसार / _cललित किशोर पाण्डेय |
||
| 260 |
_aइलाहाबाद _bसाहित्य संगम _c2009 |
||
| 270 |
_aनया 100 लूकरगंज _bइलाहाबाद |
||
| 300 |
_a79पृ. _c24सेमी (सजिल्द) _bसचित्र |
||
| 942 |
_2ddc _cCH _mपाण्डेय _h530 |
||
| 999 |
_c32654 _d32654 |
||